'A' State Abbreviations Quiz Stats

Quiz Updated Jan 30, 2018

Challenge
Share
Tweet
Score 0/12 Timer 03:00
11 Plays Today
% Correct
California
88.2%
Alabama
87.6%
Arizona
85.4%
Alaska
81.2%
Arkansas
79.5%
Washington
77.2%
Georgia
74.1%
Massachusetts
69.6%
Louisiana
68.3%
Iowa
65.8%
Pennsylvania
65.1%
Virginia
64.8%

You're not logged in!

Compare scores with friends on all Sporcle quizzes.
Sign Up with Email
OR
Log In

You Might Also Like...

Show Comments

Extras

Top Quizzes Today


Score Distribution

Your Account Isn't Verified!

In order to create a playlist on Sporcle, you need to verify the email address you used during registration. Go to your Sporcle Settings to finish the process.

Report this User

Report this user for behavior that violates our Community Guidelines.

Details: